000 00576nam a2200169 i 4500
001 145907
003 ES-MaACL
005 20230906201343.0
007 t|
008 071017s1964 sp ||||1| spa d
100 1 _aVega, Leandro de la.
_9113562
245 1 4 _aLas Hurdes, leyenda y verdad /
_cLeandro de la Vega.
260 _aMadrid :
_b[Servicio Informativo Español],
_c1964.
300 _a97 p., 20 lám., 2 mapas ;
_c21 cm.
710 1 _aEspaña.
_bMinisterio de Información y Turismo.
_bServicio Informativo Español.
_93888
852 _aES-MaACL
_jC-49919
_bR.68600
999 _c145907
_d145907